Emotional psychology : (Record no. 87637)

MARC details
000 -LEADER
fixed length control field 00679nam a22002057a 4500
005 - DATE AND TIME OF LATEST TRANSACTION
control field 20230228163238.0
010 ## - LCCN (DPL NO)
LC control number ENG-110617 ENG-136274
020 ## - INTERNATIONAL STANDARD BOOK NUMBER
International Standard Book Number 9789350532423
Terms of availability 900.00
035 ## - SYSTEM CONTROL NUMBER
System control number EN-94149 EN-119806
037 ## - SOURCE OF ACQUISITION
Source of stock number/acquisition DBAD/PUB
082 ## - DEWEY DECIMAL CLASSIFICATION NUMBER
Classification number 150
100 ## - MAIN ENTRY--PERSONAL NAME
Personal name Dodiya, R.K.
245 ## - TITLE STATEMENT
Title Emotional psychology :
Statement of responsibility, etc by R.K. Dodiya [and] Jignesh Tapariya
Remainder of title current perspectives /
260 ## - PUBLICATION, DISTRIBUTION, ETC. (IMPRINT)
Place of publication, distribution, etc New Delhi
Name of publisher, distributor, etc Cyber Tech Publications
Date of publication, distribution, etc 2013
270 ## - ADDRESS
City New Delhi
Address 4264/3, Ansari Road, Daryaganj
Postal code 110002
300 ## - PHYSICAL DESCRIPTION
Extent v,256p.
Dimensions 23cm(Hb)
500 ## - GENERAL NOTE
General note Includes bibliographical references
700 ## - ADDED ENTRY--PERSONAL NAME
Personal name Tapariya, Jignesh
942 ## - ADDED ENTRY ELEMENTS (KOHA)
Source of classification or shelving scheme Dewey Decimal Classification
Item type English Books
Call number suffix DOD
Classification part 150
Holdings
Withdrawn status Lost status Not for loan Collection code Home library Current library Date acquired Source of acquisition Cost, normal purchase price Full call number Barcode Copy number Cost, replacement price Koha item type
    Not For Loan Non-fiction D.B.Act.Division D.B.Act.Division 06/08/2014 DBAD/PUB 900.00 150 DOD EN-94149 1 900.00 English Books
      Non-fiction Shahdara Branch Shahdara Branch 28/02/2023 DBAD/PUB 900.00 150 DOD EN-119806 1 900.00 English Books

© Delhi Public Library
Hit Counter
free hit counter